Dhyana vahini: (Record no. 41545)

MARC details
000 -LEADER
fixed length control field 00708nam a22001937a 4500
005 - DATE AND TIME OF LATEST TRANSACTION
control field 20100813115918.0
010 ## - LCCN (DPL NO)
LC control number ENG-100301
020 ## - INTERNATIONAL STANDARD BOOK NUMBER
International Standard Book Number 8172083459
Terms of availability 16.00
035 ## - SYSTEM CONTROL NUMBER
System control number EN-83833
037 ## - SOURCE OF ACQUISITION
Source of stock number/acquisition DBAD/PUB
082 ## - DEWEY DECIMAL CLASSIFICATION NUMBER
Classification number 230.42
100 ## - MAIN ENTRY--PERSONAL NAME
Personal name Sai Baba
245 ## - TITLE STATEMENT
Title Dhyana vahini:
Statement of responsibility, etc by Sai Baba
Remainder of title (stream of meditation) /
260 ## - PUBLICATION, DISTRIBUTION, ETC. (IMPRINT)
Place of publication, distribution, etc Prasanthi Nilayam
Name of publisher, distributor, etc Sri Sathya Sai Books & Publications Trust
Date of publication, distribution, etc 2003
270 ## - ADDRESS
Address Prasanthi Nilayam
City Prasanthi Nilayam
Postal code 515134
300 ## - PHYSICAL DESCRIPTION
Extent v, 126p.
Other physical details ill
Dimensions 22cm (pbk)
942 ## - ADDED ENTRY ELEMENTS (KOHA)
Source of classification or shelving scheme Dewey Decimal Classification
Item type English Books
Classification part 230.42
Call number suffix SAI
Holdings
Withdrawn status Lost status Not for loan Collection code Home library Current library Date acquired Source of acquisition Cost, normal purchase price Full call number Barcode Copy number Cost, replacement price Koha item type
    Not For Loan Non-fiction D.B.Act.Division D.B.Act.Division 13/08/2010 DBAD/PUB 16.00 230.42 SAI EN-83833 1 16.00 English Books

© Delhi Public Library
Hit Counter
free hit counter